Word Ladder: Garden Waterer Holder Quiz Stats

 Plays Quiz Updated Jan 14, 2013

Support Sporcle.
Go Orange.
Score 0/24 Timer 03:00
2 Plays Today
Hint 4-Letter Word % Correct
Where one livesHOME
99%
Not differentSAME
98.9%
10-cent coinDIME
98.6%
Opposite of frontBACK
98.3%
'___ Like It Hot'SOME
97.6%
Place to find coal or diamondsMINE
97.5%
Fill a suitcasePACK
97%
A knighted womanDAME
96.3%
Grit on the beachSAND
95.7%
Put a letter in the mailSEND
95.5%
Basin in the bathroomSINK
95%
SelectPICK
94.3%
Hint 4-Letter Word % Correct
The side of a riverBANK
93.7%
45 over 5NINE
93.5%
Marcel Marceau, e.g.MIME
93.3%
Of sound mindSANE
92.9%
'___ at Nite': rerun TV networkNICK
92.4%
Plant starterSEED
91.8%
Trigonometric functionSINE
91.2%
Made a putt on the greenSANK
89.2%
French Riviera cityNICE
88.9%
Holder of the garden watering tube, with [Last Rung]HOSE
86.6%
An oboe has a double oneREED
84.9%
Holder of the garden watering tube, with [First Rung]REEL
49.9%

Today's Daily Dose

Quick Pick
Nissan Models

Get the Picture
Amazing Trees

From the Vault

MLB Winningest Managers by Picture

by Hejman

Sports 5m
If you manage to get 100% on this, you deserve to be on the 'Winningest Sporclers' list.
Remove Ads.
Support Sporcle.
Get the best of Sporcle when you Go Orange. This ad-free experience offers more features, more stats, and more fun while also helping to support Sporcle. Thank you for becoming a member.

Show Comments

Extras

Top Quizzes Today


Score Distribution

Your Account Isn't Verified!

In order to create a playlist on Sporcle, you need to verify the email address you used during registration. Go to your Sporcle Settings to finish the process.

Report this User

Report this user for behavior that violates our Community Guidelines.

Details: